[Event "Chess Classic ELO Open 2013"]
[Site "Baden-Baden GER"]
[Date "2013.02.07"]
[Round "1.5"]
[White "Tolhuizen, Ludo"]
[Black "Sanikidze, Tornike"]
[Result "0-1"]
[BlackTitle "GM"]
[WhiteElo "2154"]
[BlackElo "2553"]
[WhiteFideId "1000802"]
[BlackFideId "13602608"]
[EventDate "2013.02.07"]

1. d4 Nf6 2. Nf3 g6 3. Nc3 Bg7 4. e4 d6 5. Be3 c6 6. Qd2 b5 7. Bd3 Ng4 8. Bg5 h6
9. Bh4 Qb6 10. h3 Nf6 11. e5 dxe5 12. dxe5 Nd5 13. a4 Nxc3 14. Qxc3 b4 15. Qd2
Be6 16. O-O Nd7 17. Rfe1 Nc5 18. a5 Qb7 19. Bf1 Bd5 20. Qe3 Ne6 21. c4 Bxf3 22.
Qxf3 O-O 23. Qe3 Rad8 24. a6 Qc7 25. f4 Rd4 26. Bg3 Rfd8 27. Be2 c5 28. Red1 Qb6
29. Kh2 Nc7 30. Rxd4 cxd4 31. Qf3 Nxa6 32. f5 gxf5 33. Qxf5 Nc5 34. Rf1 Qg6 35.
Bh5 Qxf5 36. Rxf5 d3 37. Bxf7+ Kh8 38. Bh5 Na4 39. Rf1 Nxb2 40. Rb1 Nxc4 41.
Rxb4 Nxe5 42. Rb7 Rd7 43. Rb5 Nc6 44. Rc5 Nd8 45. Rc8 Bf6 46. Bf4 Kg7 47. Bd2
Nf7 48. Bg4 Rb7 49. Kg3 Nd6 0-1

[Event "Chess Classic ELO Open 2013"]
[Site "Baden-Baden GER"]
[Date "2013.02.07"]
[Round "1.7"]
[White "Berndt, Matthias"]
[Black "Karpatchev, Aleksandr"]
[Result "0-1"]
[BlackTitle "GM"]
[WhiteElo "2136"]
[BlackElo "2484"]
[WhiteFideId "4622839"]
[BlackFideId "4117182"]
[EventDate "2013.02.07"]

1. e4 e5 2. Nf3 Nc6 3. d4 exd4 4. Nxd4 Bc5 5. Nb3 Bb4+ 6. Bd2 a5 7. Bxb4 axb4 8.
f4 Qf6 9. Qc1 d6 10. Bb5 Qh4+ 11. g3 Qh5 12. Be2 Qh3 13. Bf1 Qe6 14. Bg2 h5 15.
O-O h4 16. c3 hxg3 17. hxg3 Qg6 18. Qe1 Nf6 19. Nd4 Qh5 20. Nf3 Qc5+ 21. Qf2
Nxe4 22. Qxc5 Nxc5 23. cxb4 Nb3 0-1

[Event "Chess Classic ELO Open 2013"]
[Site "Baden-Baden GER"]
[Date "2013.02.07"]
[Round "1.8"]
[White "Tereick, Benjamin"]
[Black "Naundorf, Maik"]
[Result "1/2-1/2"]
[WhiteTitle "IM"]
[WhiteElo "2382"]
[BlackElo "2129"]
[WhiteFideId "24607541"]
[BlackFideId "4682106"]
[EventDate "2013.02.07"]

1. Nf3 c5 2. c4 g6 3. e4 Nc6 4. d4 cxd4 5. Nxd4 Bg7 6. Be3 Nf6 7. Nc3 d6 8. Be2
O-O 9. O-O Nxd4 10. Bxd4 Bd7 11. Qd3 a5 12. Kh1 Bc6 13. f4 Nd7 14. Bxg7 Kxg7 15.
Rad1 a4 16. Bg4 Nf6 17. Bf3 Qa5 18. Qe3 Rad8 19. e5 dxe5 20. fxe5 Nd7 21. Bxc6
bxc6 22. e6 Qe5 23. Qh3 fxe6 24. Rfe1 Nc5 25. Qh4 Qf6 1/2-1/2

[Event "Chess Classic ELO Open 2013"]
[Site "Baden-Baden GER"]
[Date "2013.02.07"]
[Round "1.10"]
[White "Welling, Gerard"]
[Black "Fichter, Fabian"]
[Result "1/2-1/2"]
[WhiteTitle "IM"]
[WhiteElo "2349"]
[BlackElo "2071"]
[WhiteFideId "1000446"]
[BlackFideId "24613258"]
[EventDate "2013.02.07"]

1. e4 c5 2. c3 d5 3. d3 dxe4 4. dxe4 Qxd1+ 5. Kxd1 Nf6 6. f3 Nc6 7. Be3 b6 8.
Nd2 g6 9. a4 Bb7 10. Nh3 Bg7 11. Nc4 O-O 12. a5 Nd7 13. Kc2 Nce5 14. Nf2 Rfd8
15. Nxe5 Nxe5 16. Be2 Nc6 17. axb6 axb6 18. Rhd1 Be5 19. Ng4 Bc7 20. Bc4 Rxa1
21. Rxa1 Ne5 22. Nxe5 Bxe5 23. Ra7 Rd7 24. Bd5 Bc6 25. Ra6 Bxd5 26. exd5 Rxd5
27. Rxb6 Bxh2 28. Rb5 Re5 29. Bxc5 Re2+ 30. Kd3 Rxg2 31. Bxe7 Rf2 32. Ke3 Bg1
33. Rg5 Rf1+ 34. Ke2 Rf2+ 35. Ke1 Rxf3 36. Rxg1 Re3+ 37. Kd2 Rxe7 38. b4 Kf8 39.
b5 Ke8 40. c4 Kd7 41. Kd3 f5 42. c5 f4 43. Ra1 Re3+ 44. Kd4 Rb3 45. Ra7+ Ke6 46.
Ra6+ Ke7 47. Kc4 Rb1 48. Ra7+ Ke6 49. Ra6+ Ke7 50. Ra7+ Ke6 51. Ra6+ Ke7 1/2-1/2

[Event "Chess Classic ELO Open 2013"]
[Site "Baden-Baden GER"]
[Date "2013.02.07"]
[Round "1.11"]
[White "Hoegener, Claude"]
[Black "Buecker, Stefan"]
[Result "0-1"]
[BlackTitle "FM"]
[WhiteElo "2059"]
[BlackElo "2342"]
[WhiteFideId "4000978"]
[BlackFideId "4601424"]
[EventDate "2013.02.07"]

1. d4 Nf6 2. Nf3 c5 3. c3 e6 4. Bg5 d5 5. Nbd2 Nbd7 6. e3 h6 7. Bf4 Nh5 8. Be5
a6 9. Bd3 Nxe5 10. dxe5 g6 11. Qc2 Qc7 12. O-O g5 13. Rfd1 c4 14. Be2 Ng7 15. b3
g4 16. Nd4 h5 17. bxc4 Qxe5 18. cxd5 exd5 19. c4 Bd6 20. Nf1 dxc4 21. f4 Qe7 22.
Bxc4 Rh6 23. Bd5 Kf8 24. Rab1 Kg8 25. Rb3 Rb8 26. Rdb1 b5 27. Nc6 Qe8 28. Nxb8
Bxb8 29. a4 Bf5 30. e4 Bd7 31. axb5 axb5 32. g3 Ba7+ 33. Kg2 Ra6 34. f5 Qe5 35.
Rd3 Be8 36. Qb2 Qe7 37. Ra1 Rxa1 38. Qxa1 Nxf5 39. Qc1 b4 40. Qc8 Nd6 41. Qc1
Bb5 42. Rb3 Bc4 0-1

[Event "Chess Classic ELO Open 2013"]
[Site "Baden-Baden GER"]
[Date "2013.02.07"]
[Round "1.13"]
[White "Ditmas, Hugh"]
[Black "Frick, Christoph"]
[Result "0-1"]
[WhiteElo "1996"]
[BlackElo "2250"]
[WhiteFideId "1270666"]
[BlackFideId "4607090"]
[EventDate "2013.02.07"]

1. d4 g6 2. c4 Bg7 3. e4 d6 4. Nc3 Nc6 5. Be3 e5 6. d5 Nce7 7. Bd3 Nh6 8. f3 f5
9. Qd2 Nf7 10. Nge2 O-O 11. O-O-O c5 12. Kb1 a6 13. h4 f4 14. Bf2 Bd7 15. Rdf1
Qa5 16. Ka1 b5 17. g4 h6 18. Rb1 Rfb8 19. Rhc1 Nc8 20. Be1 Nb6 21. b3 Bf8 22.
Rb2 Nc8 23. Bf2 Be7 24. Nd1 Qd8 25. Qe1 b4 26. Kb1 a5 27. Kc2 a4 28. Kd2 Qe8 29.
Rcb1 Ra7 30. Nc1 Rba8 31. Qh1 Kh7 32. h5 Ng5 33. hxg6+ Qxg6 34. Be2 Bf6 35. Bh4
Ne7 36. Nf2 Ng8 37. Ncd3 Qe8 38. Qh2 Kg7 39. Rh1 axb3 40. axb3 Ra1 41. Kc2 Qd8
42. Nh3 Rxh1 43. Qxh1 Qa5 44. Bxg5 hxg5 45. Nhf2 Ne7 46. Qb1 Ng6 47. Nc1 Qb6 48.
Ra2 Ra3 49. Qb2 Qa5 50. Nfd3 Bd8 51. Rxa3 bxa3 52. Qc3 Qa7 53. Kb1 Ba5 54. Qc2
Nh4 55. Ka2 Ng2 56. Qd1 Ne3 57. Qh1 Be8 58. Kb1 Qb6 59. Ka2 Bc3 60. Ne1 Qa5 61.
Ng2 Nc2 62. Nd3 Nd4 63. Bd1 Bd2 64. Qf1 Qc3 65. Qe2 Nc2 66. Bxc2 Qxc2+ 0-1

[Event "Chess Classic ELO Open 2013"]
[Site "Baden-Baden GER"]
[Date "2013.02.07"]
[Round "1.14"]
[White "Gkogkas, Dimitrios"]
[Black "Kuehn, Kolja"]
[Result "0-1"]
[WhiteElo "2218"]
[BlackElo "1944"]
[WhiteFideId "4200462"]
[BlackFideId "12938106"]
[EventDate "2013.02.07"]

1. Nf3 d5 2. b3 Nf6 3. Bb2 c5 4. e3 Nc6 5. d4 Bf5 6. Be2 Rc8 7. c4 e6 8. O-O Be7
9. Nc3 O-O 10. dxc5 dxc4 11. Bxc4 Bxc5 12. Qe2 Qe7 13. h3 Rfd8 14. Nh4 Be4 15.
Nxe4 Nxe4 16. Qg4 Nf6 17. Qe2 Ne4 18. Nf3 Rd7 19. Rfd1 Rcd8 20. Bd3 Nf6 21. Ne5
Nxe5 22. Bxe5 Rd5 23. Bg3 Qd7 24. Bc2 Ne4 25. Rxd5 Nxg3 26. Qd3 Qxd5 27. Qxh7+
Kf8 28. Rd1 Qxd1+ 29. Bxd1 Rxd1+ 30. Kh2 Nf1+ 31. Kg1 Ng3+ 32. Kh2 Nf1+ 33. Kg1
Nxe3+ 34. Kh2 Nf1+ 35. Kg1 Ng3+ 36. Kh2 Bxf2 37. Qh8+ Ke7 38. Qh4+ Ke8 0-1

[Event "Chess Classic ELO Open 2013"]
[Site "Baden-Baden GER"]
[Date "2013.02.07"]
[Round "1.15"]
[White "Bohnert, Dominik"]
[Black "Krulich, Roman"]
[Result "0-1"]
[BlackTitle "CM"]
[WhiteElo "1938"]
[BlackElo "2215"]
[WhiteFideId "12918075"]
[BlackFideId "4698746"]
[EventDate "2013.02.07"]

1. e4 d5 2. exd5 Nf6 3. c4 e6 4. Qa4+ Nbd7 5. dxe6 Qe7 6. Be2 Qxe6 7. Nf3 Bd6 8.
d4 O-O 9. Nc3 Ne4 10. Ng5 Nxg5 11. Bxg5 c5 12. d5 Qg6 13. Be3 f5 14. O-O-O Ne5
15. Nb5 Bd7 16. Qb3 f4 17. Bd2 Bxb5 18. Qxb5 a6 19. Qb6 Rf6 20. Qb3 b5 21. Bc3
bxc4 22. Bxc4 Rb8 23. Qxb8+ Bxb8 24. Bxe5 Qe4 25. b3 Qxe5 26. d6+ Kf8 27. d7
Qa1+ 28. Kc2 Qxa2+ 29. Kc1 Qa1+ 30. Kc2 Qa2+ 31. Kc1 Bc7 32. Rhe1 g6 33. Re8+
Kg7 34. Rc8 Qa1+ 35. Kc2 Qa2+ 36. Kc1 Ba5 37. Rd3 Qa1+ 38. Kc2 Qa2+ 39. Kd1 Qb1+
40. Ke2 Qc2+ 41. Kf3 Rf8 42. Rxf8 Kxf8 43. d8=Q+ Bxd8 44. Rxd8+ Ke7 45. Ra8 Qd1+
46. Kxf4 Qd6+ 47. Ke3 Qe5+ 48. Kf3 a5 49. Ra6 Qxh2 50. Rxa5 Qh5+ 51. g4 Qh1+ 52.
Kf4 Qc1+ 0-1

[Event "Chess Classic ELO Open 2013"]
[Site "Baden-Baden GER"]
[Date "2013.02.07"]
[Round "1.16"]
[White "Schmid, Wolfgang"]
[Black "Ehmann, Thilo"]
[Result "1-0"]
[WhiteTitle "FM"]
[WhiteElo "2209"]
[BlackElo "1861"]
[WhiteFideId "4608046"]
[BlackFideId "12940968"]
[EventDate "2013.02.07"]

1. e4 e5 2. Nf3 Nc6 3. d4 exd4 4. Nxd4 Bc5 5. Nxc6 Qf6 6. Qf3 dxc6 7. Nd2 Be6 8.
Bd3 O-O-O 9. Qxf6 Nxf6 10. O-O Rde8 11. h3 Nd7 12. Re1 Ne5 13. Be2 f5 14. Nf3
Bd7 15. Nxe5 Rxe5 16. Bd3 fxe4 17. Bc4 b5 18. Bf1 Rf8 19. Be3 Bxe3 20. Rxe3 Ref5
21. Re2 c5 22. Rae1 Bc6 23. Rd2 R5f6 24. g3 Re8 25. Bg2 Rfe6 26. Rde2 Bd5 27. h4
Kb7 28. Re3 Kc6 29. b3 c4 30. b4 Kd6 31. Ra3 Ra8 32. Ra6+ c6 33. a4 bxa4 34.
Rxa4 Kc7 35. Re3 Kb6 36. Rea3 Kb7 37. Ra5 Re7 38. Bf1 a6 39. Rc5 1-0

[Event "Chess Classic ELO Open 2013"]
[Site "Baden-Baden GER"]
[Date "2013.02.08"]
[Round "2.3"]
[White "Iordachescu, Viorel"]
[Black "Schut, Lisa"]
[Result "1-0"]
[WhiteTitle "GM"]
[BlackTitle "WIM"]
[WhiteElo "2610"]
[BlackElo "2283"]
[WhiteFideId "13900200"]
[BlackFideId "1019481"]
[EventDate "2013.02.07"]

1. e4 c5 2. Nc3 d6 3. Nge2 Nf6 4. g3 Nc6 5. Bg2 g6 6. O-O Bg7 7. d3 Rb8 8. a4 a6
9. Bg5 h6 10. Bd2 b5 11. axb5 axb5 12. Qe1 Bd7 13. h3 b4 14. Nd5 e6 15. Ne3 Qc7
16. Nc4 h5 17. Ra6 O-O 18. Bf4 e5 19. Bg5 Bc8 20. Ra1 Be6 21. b3 Ra8 22. Qd2 Nd7
23. Bh6 Nb6 24. Bxg7 Kxg7 25. Ne3 Rxa1 26. Rxa1 Ra8 27. Rxa8 Nxa8 28. f4 Nb6 29.
f5 Bc8 30. g4 Qe7 31. fxg6 fxg6 32. gxh5 gxh5 33. Ng3 Nd4 34. Nxh5+ Kg6 35. Ng3
Bxh3 36. Nef5 Nxf5 37. exf5+ Bxf5 38. Qh6+ 1-0

[Event "Chess Classic ELO Open 2013"]
[Site "Baden-Baden GER"]
[Date "2013.02.08"]
[Round "2.5"]
[White "Sanikidze, Tornike"]
[Black "Schmid, Wolfgang"]
[Result "1/2-1/2"]
[WhiteTitle "GM"]
[BlackTitle "FM"]
[WhiteElo "2553"]
[BlackElo "2209"]
[WhiteFideId "13602608"]
[BlackFideId "4608046"]
[EventDate "2013.02.07"]

1. d4 Nf6 2. c4 d6 3. Nf3 g6 4. Nc3 Bg7 5. e4 O-O 6. Be2 c5 7. O-O cxd4 8. Nxd4
Nc6 9. Nc2 Bd7 10. Be3 Rc8 11. Rc1 a5 12. f3 Nb4 13. Nd4 Na6 14. a3 Ne8 15. Rb1
Nec7 16. b4 axb4 17. axb4 Ne6 18. f4 Nac7 19. f5 Nxd4 20. Bxd4 Ne8 21. g4 Bxd4+
22. Qxd4 e5 23. Qe3 Qh4 24. Rf3 Qxg4+ 25. Kh1 Qh4 26. Nd5 Nc7 27. Nb6 Rcd8 28.
Nxd7 Rxd7 29. Rbf1 f6 30. Rg3 Kg7 31. Bg4 Re7 32. fxg6 hxg6 33. Bf5 Rh8 34.
Rxg6+ Kf8 35. Rg2 Ne8 36. c5 Rg7 37. Rfg1 Rg5 38. h3 Rxg2 39. Rxg2 Qh6 40. Qc3
Qf4 41. cxd6 Nxd6 42. Qc5 Qf1+ 43. Kh2 Qd3 44. Qb6 Qd4 45. Qd8+ Ne8 46. Bd7 Kf7
47. Rc2 Rxh3+ 48. Kxh3 Qd3+ 49. Kh4 Qxe4+ 50. Bg4 Qxc2 51. Bh5+ Kg7 52. Qe7+ Kh6
53. Qf8+ Ng7 54. Qxf6+ Kh7 55. Qxe5 Qf2+ 56. Kh3 Qf1+ 57. Kh2 Qf2+ 58. Kh3 Qf1+
59. Kh2 1/2-1/2

[Event "Chess Classic ELO Open 2013"]
[Site "Baden-Baden GER"]
[Date "2013.02.08"]
[Round "2.7"]
[White "Karpatchev, Aleksandr"]
[Black "Riehle, Marco"]
[Result "1/2-1/2"]
[WhiteTitle "GM"]
[WhiteElo "2484"]
[BlackElo "1851"]
[WhiteFideId "4117182"]
[BlackFideId "12904392"]
[EventDate "2013.02.07"]

1. e4 e5 2. Nf3 Nf6 3. d4 Nxe4 4. Bd3 Nc6 5. dxe5 d5 6. O-O Bg4 7. Bb5 Bc5 8. h3
Bxf3 9. Qxf3 O-O 10. Bxc6 bxc6 11. Nc3 f5 12. Nxe4 fxe4 13. Qc3 Qe7 14. Be3 Bxe3
15. fxe3 c5 16. Rf4 Rxf4 17. exf4 Rd8 18. f5 c4 19. Qg3 Rf8 20. Rf1 Kh8 21. c3
a5 22. e6 h6 23. Qe5 Qd6 24. Qxd6 cxd6 25. g4 Rb8 26. Rd1 Kg8 27. Rxd5 Rxb2 28.
Rxd6 Kf8 29. Rd8+ Ke7 30. Rd7+ Kf6 31. Rf7+ Ke5 32. e7 Kf4 33. f6 g5 34. e8=Q
Kf3 35. h4 Rb1+ 36. Kh2 Rb2+ 37. Kh3 h5 38. Qxe4+ Kxe4 39. Rg7 Rf2 40. f7 hxg4+
41. Kg3 Rf3+ 42. Kg2 gxh4 43. Rxg4+ Ke3 1/2-1/2

[Event "Chess Classic ELO Open 2013"]
[Site "Baden-Baden GER"]
[Date "2013.02.08"]
[Round "2.8"]
[White "Kuehn, Kolja"]
[Black "Tereick, Benjamin"]
[Result "0-1"]
[BlackTitle "IM"]
[WhiteElo "1944"]
[BlackElo "2382"]
[WhiteFideId "12938106"]
[BlackFideId "24607541"]
[EventDate "2013.02.07"]

1. d4 e6 2. c4 Bb4+ 3. Nd2 b6 4. a3 Bxd2+ 5. Bxd2 Bb7 6. Qc2 f5 7. Nf3 Nf6 8. g3
O-O 9. Bg2 Be4 10. Qc3 Qe8 11. O-O d6 12. Ng5 Bxg2 13. Kxg2 h6 14. Nf3 Nbd7 15.
b4 Ne4 16. Qc2 Qh5 17. Rh1 Ndf6 18. Rag1 Rae8 19. h3 Nxd2 20. Qxd2 e5 21. dxe5
dxe5 22. g4 fxg4 23. hxg4 Qf7 24. g5 Nh5 25. gxh6 e4 26. Nh4 e3 27. h7+ Kh8 28.
Qd3 Nf4+ 29. Kf1 Nxd3 30. Ng6+ Qxg6 31. Rxg6 Rxf2+ 32. Kg1 Nf4 0-1

[Event "Chess Classic ELO Open 2013"]
[Site "Baden-Baden GER"]
[Date "2013.02.08"]
[Round "2.9"]
[White "Naundorf, Maik"]
[Black "Welling, Gerard"]
[Result "1/2-1/2"]
[BlackTitle "IM"]
[WhiteElo "2129"]
[BlackElo "2349"]
[WhiteFideId "4682106"]
[BlackFideId "1000446"]
[EventDate "2013.02.07"]

1. Nf3 b6 2. g3 Bb7 3. Bg2 e6 4. O-O Nf6 5. c4 Be7 6. Nc3 O-O 7. Re1 d5 8. cxd5
exd5 9. d4 c5 10. Ne5 Nc6 11. Nxc6 Bxc6 12. Bg5 Ne4 13. Bxe7 Qxe7 14. Nxe4 dxe4
15. dxc5 e3 16. Qd6 exf2+ 17. Kxf2 Qxd6 18. cxd6 Bxg2 19. Kxg2 Rfd8 20. Red1 Rd7
21. Rac1 Rad8 22. Rc3 1/2-1/2

[Event "Chess Classic ELO Open 2013"]
[Site "Baden-Baden GER"]
[Date "2013.02.08"]
[Round "2.10"]
[White "Fichter, Fabian"]
[Black "Gkogkas, Dimitrios"]
[Result "1-0"]
[WhiteElo "2071"]
[BlackElo "2218"]
[WhiteFideId "24613258"]
[BlackFideId "4200462"]
[EventDate "2013.02.07"]

1. e4 c5 2. Nf3 e6 3. b3 Nf6 4. Nc3 d5 5. exd5 exd5 6. Bb5+ Nc6 7. O-O Be7 8.
Re1 O-O 9. Bxc6 bxc6 10. h3 Bd6 11. Ba3 Qc7 12. Na4 Nd7 13. Qe2 a5 14. Qe3 d4
15. Qd3 h6 16. c3 Ba6 17. c4 Rae8 18. Re2 Rxe2 19. Qxe2 Bc8 20. Re1 g6 21. Qe4
Kg7 22. Nxc5 Nxc5 23. Qxd4+ Kh7 24. Bxc5 Bxc5 25. Qxc5 Rd8 26. Re7 Qf4 27. Qxa5
Rf8 28. Qe5 1-0

[Event "Chess Classic ELO Open 2013"]
[Site "Baden-Baden GER"]
[Date "2013.02.08"]
[Round "2.11"]
[White "Berndt, Matthias"]
[Black "Vogel, Jaap"]
[Result "1/2-1/2"]
[BlackTitle "FM"]
[WhiteElo "2136"]
[BlackElo "2190"]
[WhiteFideId "4622839"]
[BlackFideId "1000764"]
[EventDate "2013.02.07"]

1. e4 e6 2. d3 d5 3. Nd2 Nf6 4. Ngf3 b6 5. g3 Bb7 6. e5 Nfd7 7. Bg2 g5 8. O-O
Be7 9. h3 h5 10. Re1 Nc6 11. Nf1 g4 12. hxg4 hxg4 13. N3h2 Ndxe5 14. Nxg4 Nxg4
15. Qxg4 Qd7 16. d4 O-O-O 17. c3 Rdg8 18. Qd1 Bd6 19. b3 Ne7 20. Qe2 Nf5 21. a4
a5 22. Ba3 Bxa3 23. Rxa3 Qe7 24. Ra2 Qf6 25. Qe5 Qh6 26. Rc2 Nd6 27. Ne3 Qh7 28.
Rec1 Kb8 29. Kf1 Qd3+ 30. Ke1 Rh2 31. Rd2 Qh7 32. Bf3 Ne4 33. Bxe4 dxe4 34. Kd1
Rh1+ 35. Kc2 Rxc1+ 36. Kxc1 Qh1+ 37. Kb2 Qf3 38. d5 Rd8 39. c4 Rd6 40. Kc3 f6
41. Qf4 exd5 42. cxd5 Ka7 43. Qxf3 exf3 44. Rd4 c6 45. dxc6 Rxc6+ 46. Rc4 Re6
47. Rf4 Rc6+ 1/2-1/2

[Event "Chess Classic ELO Open 2013"]
[Site "Baden-Baden GER"]
[Date "2013.02.08"]
[Round "2.12"]
[White "Partenheimer, Axel"]
[Black "Magar, Johannes"]
[Result "1/2-1/2"]
[WhiteElo "2188"]
[BlackElo "2075"]
[WhiteFideId "4646703"]
[BlackFideId "4648943"]
[EventDate "2013.02.07"]

1. Nf3 d5 2. d4 Nc6 3. Bf4 Bg4 4. e3 e6 5. c4 Bb4+ 6. Nc3 Nf6 7. Rc1 O-O 8. h3
Bh5 9. Be2 Ne4 10. cxd5 exd5 11. O-O Nxc3 12. bxc3 Bd6 13. Bxd6 Qxd6 14. c4 dxc4
15. Rxc4 Rfe8 16. Rc5 Bg6 17. Nd2 b6 18. Rc1 Na5 19. Bf3 Bd3 20. Re1 c6 21. Nb3
Nxb3 22. Qxb3 Be4 23. Bxe4 Rxe4 24. Qa4 Re6 25. Qc4 Rg6 26. Rc2 Qd7 27. Kh2 Re8
28. Rec1 1/2-1/2

[Event "Chess Classic ELO Open 2013"]
[Site "Baden-Baden GER"]
[Date "2013.02.08"]
[Round "2.13"]
[White "Rueckleben, Hermann"]
[Black "Agrest, Inna"]
[Result "0-1"]
[BlackTitle "WIM"]
[WhiteElo "2021"]
[BlackElo "2174"]
[WhiteFideId "4610490"]
[BlackFideId "1708830"]
[EventDate "2013.02.07"]

1. c4 g6 2. g3 Bg7 3. Bg2 d6 4. Nc3 Nf6 5. e4 O-O 6. Nge2 e5 7. O-O Nc6 8. d3
Nd7 9. Be3 Nc5 10. Nd5 a5 11. Qd2 Nd4 12. h3 c6 13. Ndc3 f5 14. f4 Be6 15. b3
Qd7 16. Kh2 Rad8 17. Rad1 b6 18. Bg1 Nxe2 19. Nxe2 Qc7 20. Qc2 Rf7 21. Be3 Bc8
22. Nc3 Ne6 23. Ne2 Bb7 24. d4 fxe4 25. dxe5 dxe5 26. Bxe4 Nd4 27. Bxd4 exd4 28.
f5 Rdf8 29. Nf4 gxf5 30. Ne6 Qe5 31. Nxf8 fxe4 32. Rxf7 Kxf7 33. Qf2+ Kg8 34.
Rf1 Qe8 35. Nxh7 Kxh7 36. Qf5+ Kg8 37. Rf4 c5 38. Rh4 Qf7 39. Qh7+ Kf8 40. Rf4
Bf6 41. Qf5 Ke7 42. g4 Qg7 43. Kg1 e3 44. Rf1 Be5 0-1

[Event "Chess Classic ELO Open 2013"]
[Site "Baden-Baden GER"]
[Date "2013.02.08"]
[Round "2.14"]
[White "Buttenmueller, Thomas"]
[Black "Hoegener, Claude"]
[Result "1/2-1/2"]
[WhiteElo "2156"]
[BlackElo "2059"]
[WhiteFideId "1312847"]
[BlackFideId "4000978"]
[EventDate "2013.02.07"]

1. c4 Nf6 2. Nf3 e6 3. g3 Be7 4. Bg2 c6 5. O-O O-O 6. d3 d5 7. Nbd2 b6 8. e4 Bb7
9. e5 Nfd7 10. Qe2 Qc7 11. Re1 c5 12. h4 d4 13. Ne4 Nc6 14. Bf4 Qd8 15. h5 Qe8
16. h6 g6 17. Neg5 Bd8 18. a3 Bc7 19. b4 cxb4 20. axb4 Nxb4 21. Nxd4 Bxg2 22.
Kxg2 Nc5 23. Red1 a5 24. Ne4 Nxe4 25. Qxe4 Rc8 26. Rab1 f5 27. Qf3 Rf7 28. Nb5
Bb8 29. Be3 Qc6 30. Qxc6 Rxc6 31. Nd4 Rc8 32. Nxe6 Bxe5 33. Bxb6 Rf6 34. Bxa5
Nc6 35. Bb6 Rxe6 36. d4 Bxd4 37. Bxd4 Re4 38. Ba1 Re7 39. c5 Kf7 40. Rd6 Rcc7
41. Rb6 Re6 42. f4 Re2+ 43. Kf3 Rce7 44. Rd3 Na5 45. Be5 Rc2 46. Rf6+ Ke8 47.
Ra3 Rb7 48. Rb6 Rd7 49. Bd6 Nc4 50. Rb8+ Kf7 51. Rd3 Nd2+ 52. Ke3 Ne4 53. g4
Nxc5 54. gxf5 gxf5 55. Bxc5 Rxd3+ 56. Kxd3 Rxc5 1/2-1/2

[Event "Chess Classic ELO Open 2013"]
[Site "Baden-Baden GER"]
[Date "2013.02.08"]
[Round "2.16"]
[White "Feiler, Juergen"]
[Black "Ditmas, Hugh"]
[Result "1/2-1/2"]
[WhiteElo "2138"]
[BlackElo "1996"]
[WhiteFideId "4687507"]
[BlackFideId "1270666"]
[EventDate "2013.02.07"]

1. d4 Nf6 2. c4 e6 3. g3 d5 4. Nf3 c6 5. Bg2 Be7 6. O-O O-O 7. Qc2 b6 8. Rd1 Bb7
9. Nc3 Nbd7 10. b3 Rc8 11. e4 Nxe4 12. Nxe4 dxe4 13. Qxe4 Nf6 14. Qe2 Qc7 15.
Bf4 Bd6 16. Ne5 Nd7 17. c5 Bxe5 18. Bxe5 Nxe5 19. dxe5 bxc5 20. Rd6 Rfd8 21.
Rad1 Rxd6 22. exd6 Qb6 23. Be4 Rd8 24. Qc2 h6 25. Qc3 Rd7 26. Qe5 Qb4 27. h4 c4
28. Rd4 Qe1+ 29. Kg2 c5 30. Rxc4 Rxd6 31. Qf4 Bxe4+ 32. Rxe4 Qd2 33. Qxd2 Rxd2
34. Ra4 Rd7 35. Rc4 Rd5 36. Ra4 Rd7 37. Kf3 Kf8 38. Rc4 Rd5 39. Ra4 Rd7 40. Rc4
Rd5 41. Ra4 Rd7 1/2-1/2

[Event "Chess Classic ELO Open 2013"]
[Site "Baden-Baden GER"]
[Date "2013.02.09"]
[Round "3.4"]
[White "Riehle, Marco"]
[Black "Sanikidze, Tornike"]
[Result "0-1"]
[BlackTitle "GM"]
[WhiteElo "1851"]
[BlackElo "2553"]
[WhiteFideId "12904392"]
[BlackFideId "13602608"]
[EventDate "2013.02.07"]

1. e4 c5 2. Nf3 d6 3. d4 cxd4 4. Nxd4 Nf6 5. Nc3 Nc6 6. f3 e5 7. Nb3 Be7 8. Be3
O-O 9. Qd2 a5 10. a4 Be6 11. Nd5 Bxd5 12. exd5 Nb4 13. c4 Nh5 14. Be2 f5 15. O-O
f4 16. Bf2 b6 17. Rad1 Bh4 18. Bd3 Rc8 19. c5 Bxf2+ 20. Rxf2 bxc5 21. Rc1 Nxd3
22. Qxd3 Rb8 23. Qc3 Rb4 24. Nxc5 dxc5 25. Qxe5 Nf6 26. Rxc5 Re8 27. Qc3 Nxd5
28. Qd2 Ne3 29. g3 Rxb2 30. Qc1 Rxf2 31. Kxf2 Qd4 32. Rb5 Ng4+ 33. Kg2 Qf2+ 34.
Kh3 Qxh2+ 35. Kxg4 Qxg3+ 36. Kf5 g6+ 37. Kf6 Qh4+ 38. Rg5 Rf8+ 0-1

[Event "Chess Classic ELO Open 2013"]
[Site "Baden-Baden GER"]
[Date "2013.02.09"]
[Round "3.5"]
[White "Weber, Tom"]
[Black "Karpatchev, Aleksandr"]
[Result "0-1"]
[WhiteTitle "FM"]
[BlackTitle "GM"]
[WhiteElo "2380"]
[BlackElo "2484"]
[WhiteFideId "4000609"]
[BlackFideId "4117182"]
[EventDate "2013.02.07"]

1. c4 e5 2. g3 h5 3. h4 Nc6 4. Bg2 Bc5 5. Nc3 d6 6. Ne4 Nge7 7. a3 a5 8. Nxc5
dxc5 9. d3 a4 10. Nf3 f6 11. O-O Bg4 12. Nh2 Qd7 13. Nxg4 hxg4 14. Bd2 Nd4 15.
Bc3 c6 16. Rb1 Nb3 17. f4 gxf3 18. Rxf3 O-O-O 19. Qf1 Kb8 20. Bh3 Qc7 21. Qg2
Nc8 22. Bxc8 Qxc8 23. Rf2 Qg4 24. Kf1 Ka7 25. Qf3 Qg6 26. Qf5 Qxg3 0-1

[Event "Chess Classic ELO Open 2013"]
[Site "Baden-Baden GER"]
[Date "2013.02.09"]
[Round "3.7"]
[White "Welling, Gerard"]
[Black "Kuehn, Kolja"]
[Result "1-0"]
[WhiteTitle "IM"]
[WhiteElo "2349"]
[BlackElo "1944"]
[WhiteFideId "1000446"]
[BlackFideId "12938106"]
[EventDate "2013.02.07"]

1. d4 d5 2. Nf3 Nf6 3. e3 Bf5 4. c4 c6 5. cxd5 cxd5 6. Nc3 e6 7. Ne5 Nbd7 8. g4
Nxe5 9. dxe5 Nxg4 10. Qa4+ Ke7 11. Qb4+ 1-0

[Event "Chess Classic ELO Open 2013"]
[Site "Baden-Baden GER"]
[Date "2013.02.09"]
[Round "3.8"]
[White "Agrest, Inna"]
[Black "Buecker, Stefan"]
[Result "1-0"]
[WhiteTitle "WIM"]
[BlackTitle "FM"]
[WhiteElo "2174"]
[BlackElo "2342"]
[WhiteFideId "1708830"]
[BlackFideId "4601424"]
[EventDate "2013.02.07"]

1. e4 Nc6 2. Nf3 h6 3. d4 e6 4. c3 g5 5. h3 Bg7 6. Bd3 d6 7. Na3 Nge7 8. Nc2 Ng6
9. g3 Nce7 10. Qe2 c6 11. Ne3 Qc7 12. Bd2 Bd7 13. h4 f6 14. h5 Nf8 15. e5 fxe5
16. dxe5 d5 17. Ng4 Ng8 18. Nxg5 hxg5 19. Bxg5 c5 20. h6 Bc6 21. Rh4 Bxh6 22.
Nf6+ Kd8 23. Rxh6 Nxh6 24. Nxd5+ Kc8 25. Nxc7 Nf7 26. Bh4 Kxc7 27. O-O-O Nd7 28.
f4 Rag8 29. Be4 Bxe4 30. Qxe4 Nb6 31. f5 Rh5 32. fxe6 Nxe5 33. Bf6 Ng4 34. e7
Nxf6 35. Qf4+ Kc8 36. Qxf6 Rhh8 37. Qe6+ 1-0